Tour de France 2025 - Top 30 der Sprintwertung - Statistiken

Allgemein
  • Dieses Quiz wurde 10 mal gespielt
  • Das Durchschnittsergebnis liegt bei 20 aus 30
Antwortstatistiken
# Fahrer Team Punkte % Korrekt
1 Jonathan Milan Lidl-Trek 372
100%
2 Tadej Pogacar UAE Team Emirates XRG 294
100%
3 Biniam Girmay Intermarché-Wanty 232
89%
16 Florian Lipowitz Red Bull - Bora-Hansgrohe 94
89%
6 Jonas Abrahamsen Uno-X Mobility 173
89%
4 Jonas Vingegaard Team Visma | Lease a bike 182
89%
12 Oscar Onley Team Picnic PostNL 115
89%
7 Tim Merlier Soudal Quick-Step 156
89%
8 Wout van Aert Team Visma | Lease a bike 138
89%
11 Arnaud De Lie Lotto 122
78%
18 Thymen Arensman INEOS Grenadiers 82
78%
15 Tim Wellens UAE Team Emirates XRG 96
78%
14 Ben Healy EF Education-EasyPost 97
67%
25 Felix Gall Decathlon AG2R La Mondiale 65
67%
20 Julian Alaphilippe Tudor Pro Cycling Team 74
67%
17 Kevin Vauquelin Arkéa-B&B Hotels 83
67%
13 Matteo Jorgenson Team Visma | Lease a bike 103
67%
10 Quinn Simmons Lidl-Trek 123
67%
5 Anthony Turgis TotalEnergies 182
56%
9 Kaden Groves Alpecin-Deceuninck 127
56%
30 Mauro Schmid Team Jayco AlUla 57
56%
28 Tobias Johannessen Uno-X Mobility 59
56%
21 Matteo Trentin Tudor Pro Cycling Team 74
44%
29 Tobias Lund Andresen Team Picnic PostNL 59
44%
23 Davide Ballerini XDS Astana Team 68
33%
26 Laurenz Rex Intermarché-Wanty 63
33%
24 Pascal Eenkhoorn Soudal Quick-Step 66
33%
27 Paul Penhoët Groupama-FDJ 61
33%
22 Romain Grégoire Groupama-FDJ 71
33%
19 Simone Velasco XDS Astana Team 79
33%
Keine übereinstimmenden Quizze gefunden
Verteilung der Resultate
Anzahl Personen mit jedem Resultat
Perzentil nach korrekt beantworteten Fragen
Ihre Resultats-Entwicklung
Sie haben dieses Quiz noch nicht gespielt